| 000 | 01140nam0a22002891 4500 | ||
|---|---|---|---|
| 001 | v19\rc\2067924 | ||
| 005 | 20251118181626.0 | ||
| 035 | _a(NLR Aleph) 005143583 | ||
| 090 |
_a4828247 _c4828247 |
||
| 100 | _a20081111d1917 |||y0rusy50 ca | ||
| 101 | 0 | _arus | |
| 102 | _aRU | ||
| 105 | _ay z ||||| | ||
| 200 | 1 |
_aРуководство для участковых избирательных комиссий по выборам в Учредительное собрание _fСост. С.М. Шиллинг, пред. Псков. окр. по делам о выборах в Учредит. собр. комис. |
|
| 210 |
_aПсков _cтип. Губ. правл. _d1917 |
||
| 215 |
_a24 с. _d17 |
||
| 309 | _aБез тит. л. | ||
| 700 | 1 |
_aШиллинг _bС. М. _gСергей Михайлович _4220 |
|
| 712 | 1 | 2 |
_aВсероссийское учредительное собр. _f1918 _3RU\NLR\AUTH\8810361 |
| 801 | 0 |
_aRU _bNLR _gpsbo |
|
| 801 | 0 |
_aRU _bRuMoRGB _2psbo |
|
| 801 | 1 |
_aRU _bProSoft-M _2rusmarc |
|
| 852 |
_aNLR _j37.75.7.147 |
||
| 899 |
_aRuMoRGB _jV 316/371 |
||
| 899 | _aБАН | ||
| 942 | _cBOOK | ||
| 980 | _aNB | ||